000 00439nam a2200157 i 4500
001 27065
003 ES-MaACL
005 20230906153544.0
007 t|
008 030113s1934 sp ||||1| spa d
100 1 _aArrillaga, Martín.
_923316
245 1 0 _aCachumbambe
_b: cuentos cubanos /
_cMartín Arrillaga.
260 _aMadrid :
_b[s.n.,
_c1934] (
_fImp. Mayli)
300 _a200 p. ;
_c20 cm.
852 _aES-MaACL
_jB-9254
_bR.18633
999 _c27065
_d27065